| 000 | 01038nam a2200325 i 4500 | ||
|---|---|---|---|
| 001 | 768714001 | ||
| 003 | CO-MdFUSB | ||
| 005 | 20230411105240.0 | ||
| 007 | ta | ||
| 008 | 220216t1989 ec |||| |||| 00| 0 spa d | ||
| 020 | _a[No incluye ISBN] | ||
| 040 |
_aCO-MdFUSB _bspa _cCO-MdFUSB _dCO-MdFUSBC _erda |
||
| 041 | _aspa | ||
| 082 |
_223 _a305.8986 _bF529 |
||
| 100 |
_aFischer, Manuela, _eautor |
||
| 245 |
_aMitos kogi _c/ Manuela Fischer , Konrad Th. Preuss |
||
| 264 | 1 |
_aQuito, Ecuador : _bEdiciones ABYA-YALA, _c[1989] |
|
| 264 | 4 | _c© 1989 | |
| 300 |
_a204 páginas _c; 22 cm |
||
| 336 |
_2rdacontent _atexto _btxt |
||
| 337 |
_2rdamedia _asin mediación _bn |
||
| 338 |
_2rdacarrier _avolumen _bnc |
||
| 490 | _aColección 500 años | ||
| 505 | _aMitos recogidos por Konrad Theoduor Preuss. -- Mitos de Noavaka. -- Narraciones de San Francisco. -- Mitos recogidos por Manuela Fischer. | ||
| 563 | _aRústico | ||
| 653 | _aEtnicidad | ||
| 700 |
_96182 _aPreuss, Konrad Theodor, _eautor |
||
| 942 | _cBK | ||
| 945 | _aJTF-925 | ||
| 999 |
_c67234 _d67234 |
||